UEFA Champions League Winning Cities (with a map) - Statistics

General Stats
  • This quiz has been taken 2,565 times
  • The average score is 10 of 11
Answers on the Map
Answers color-coded by a green-red scale on the quiz's map according to % correct below.
 
Answer Stats
Hint Answer % Correct
13 Madrid
97%
5 Barcelona
96%
3 Manchester
94%
10 Milan
93%
6 Liverpool
91%
5 Munich
89%
2 Porto
88%
2 Lisbon
86%
4 Amsterdam
83%
2 Turin
83%
2 Nottingham
55%
No matching quizzes found
Score Distribution
Percent of People with Each Score
Percentile by Number Answered
Your Score History
You have not taken this quiz